Tribhuvan University Central Library

A study of professional communication (Record no. 74252)

MARC details
000 -LEADER
fixed length control field 00587nam a22002297a 4500
008 - FIXED-LENGTH DATA ELEMENTS--GENERAL INFORMATION
fixed length control field 141216b xxu||||| |||| 00| 0 eng d
020 ## - INTERNATIONAL STANDARD BOOK NUMBER
International Standard Book Number 978-81-7473-428-0
041 ## - LANGUAGE CODE
Language code of text/sound track or separate title Eng
082 ## - DEWEY DECIMAL CLASSIFICATION NUMBER
Classification number 808.066
Item number Sr38s
100 ## - MAIN ENTRY--PERSONAL NAME
Personal name Srivastav, Hariom
245 ## - TITLE STATEMENT
Title A study of professional communication
260 ## - PUBLICATION, DISTRIBUTION, ETC.
Place of publication, distribution, etc. Delhi:
Name of publisher, distributor, etc. AI.T.B. Publisher
Date of publication, distribution, etc. 2009
300 ## - PHYSICAL DESCRIPTION
Extent viii,114p.
650 ## - SUBJECT ADDED ENTRY--TOPICAL TERM
Topical term or geographic name entry element Literature
650 ## - SUBJECT ADDED ENTRY--TOPICAL TERM
Topical term or geographic name entry element Technical writing
650 ## - SUBJECT ADDED ENTRY--TOPICAL TERM
Topical term or geographic name entry element Development
650 ## - SUBJECT ADDED ENTRY--TOPICAL TERM
Topical term or geographic name entry element Writing
650 ## - SUBJECT ADDED ENTRY--TOPICAL TERM
Topical term or geographic name entry element Communication
653 ## - INDEX TERM--UNCONTROLLED
Uncontrolled term Techical communication
653 ## - INDEX TERM--UNCONTROLLED
Uncontrolled term Phrase
942 ## - ADDED ENTRY ELEMENTS (KOHA)
Source of classification or shelving scheme Dewey Decimal Classification
Koha item type General Collections
Holdings
Withdrawn status Lost status Source of classification or shelving scheme Damaged status Not for loan Home library Current library Shelving location Date acquired Total Checkouts Total Renewals Full call number Barcode Date last seen Date last checked out Price effective from Koha item type
    Dewey Decimal Classification     Tribhuvan University Central Library Tribhuvan University Central Library New Building 12/16/2014 3 2 808.066 Sr38s G75526 07/03/2017 06/30/2017 12/16/2014 General Collections